000 01207cam a22002292i 4500
001 154373
003 ES-MaACL
005 20251003063134.0
008 960410s1809 fr |||| | fre d
040 _aCAT
_bspa
_cCAT
_dCCPB
_dCCPB | CAM
080 4 _a340
100 1 _aGoguet, Antoine-Yves,
_d1716-1758
_9127356
245 1 0 _aDe l'origine des lois, des arts et des sciences, et de leurs progrès chez les anciens peuples /
_cpar Antoine-Yves Goguet.
250 _aNouv. éd., augm. d'une table raisonnée des matières, avec planches et tableaux.
260 _aParis :
_bL. Haussmann et d'Hautel,
_c1809.
300 _a3 v. ;
_c21 cm.
500 _aDescrit a partir del v. 2.
597 1 _aContiene: T.I Depuis le Déluge jusq'à la mort de Jacob (396 p., [1] h. pleg., [3] h. de lám. pleg.) -- T. II. Depuis la mort de Jacob, jusqu'à l'établissement de la royauté chez les hébreux (373 p.) -- Depuis l'établissement de la royauté chez les Hébreux jusqu'à leur retour de la captivité (350 p., [8] h. de lám. pleg.)
752 _aFrancia -
_dParís
852 _aES-MaACL
_jR-3009-11
_z-- Enc. piel con hierros dorados
_x Olim:G-11032-34
999 _c154373
_d154373